000 00527nam a2200157 a 4500
008 120416s0000 ||||||||||||||||| || u
020 _a0713135646
050 _aTK 5102.5 Bro
100 _aBrook, D
245 1 0 _aSignal processing
246 _aprinciples and applications
260 _aLondon
_bEdward Arnold
_c1968
300 _aix, 308p. : ill
350 _a0.00
995 _D0.00
_FCBU-MAIN LIBRARY (Kitwe)
_H1
_I12.50
_UAVAILABLE
_ZMain Library Open Access Collection
999 _c57447
_d57447